[Event "Lliga Catalana DH 2023"]
[Site "Barcelona"]
[Date "2023.01.28"]
[Round "2.6"]
[White "Lorenzo de La Riva, Lazaro"]
[Black "Alvarez Albiol, Victor"]
[Result "1/2-1/2"]
[TimeControl "90'+30\""]
[WhiteTitle "IM"]
[BlackTitle "FM"]
[WhiteFideId "2268809"]
[BlackFideId "32065930"]
[WhiteElo "2420"]
[BlackElo "2195"]

1. d4 {[%clk 01:25:50]} {[%emt 00:05:08]} Nf6 {[%clk 01:30:53]} {[%emt
00:00:07]} 2. c4 {[%clk 01:26:05]} {[%emt 00:00:15]} e6 {[%clk 01:31:18]}
{[%emt 00:00:05]} 3. Nc3 {[%clk 01:26:29]} {[%emt 00:00:06]} Bb4 {[%clk
01:31:39]} {[%emt 00:00:09]} 4. e3 {[%clk 01:26:39]} {[%emt 00:00:20]} O-O
{[%clk 01:31:30]} {[%emt 00:00:39]} 5. Bd2 {[%clk 01:26:03]} {[%emt 00:01:06]}
d5 {[%clk 01:30:48]} {[%emt 00:01:12]} 6. Nf3 {[%clk 01:26:07]} {[%emt
00:00:26]} b6 {[%clk 01:30:33]} {[%emt 00:00:46]} 7. cxd5 {[%clk 01:26:09]}
{[%emt 00:00:28]} exd5 {[%clk 01:30:44]} {[%emt 00:00:19]} 8. Bd3 {[%clk
01:26:31]} {[%emt 00:00:08]} Bb7 {[%clk 01:27:14]} {[%emt 00:04:01]} 9. O-O
{[%clk 01:26:50]} {[%emt 00:00:10]} Nbd7 {[%clk 01:27:31]} {[%emt 00:00:13]} 10.
Rc1 {[%clk 01:26:55]} {[%emt 00:00:25]} a6 {[%clk 01:25:37]} {[%emt 00:02:24]}
11. Ne5 {[%clk 01:26:50]} {[%emt 00:00:34]} Re8 {[%clk 01:22:29]} {[%emt
00:03:39]} 12. f4 {[%clk 01:26:57]} {[%emt 00:00:23]} c5 {[%clk 01:21:19]}
{[%emt 00:01:40]} 13. Be1 {[%clk 01:26:19]} {[%emt 00:01:09]} cxd4 {[%clk
01:16:17]} {[%emt 00:05:32]} 14. exd4 {[%clk 01:26:45]} {[%emt 00:00:03]} Bxc3
{[%clk 01:00:02]} {[%emt 00:16:46]} 15. Rxc3 {[%clk 01:23:09]} {[%emt
00:04:06]} Ne4 {[%clk 00:58:42]} {[%emt 00:01:50]} 16. Qh5 {[%clk 01:20:58]}
{[%emt 00:02:40]} Re7 {[%clk 00:37:00]} {[%emt 00:22:13]} 17. Bxe4 {[%clk
01:18:34]} {[%emt 00:02:55]} dxe4 {[%clk 00:37:21]} {[%emt 00:00:08]} 18. Bh4
{[%clk 01:18:33]} {[%emt 00:00:30]} f6 {[%clk 00:36:32]} {[%emt 00:01:20]} 19.
Rd1 {[%clk 00:52:20]} {[%emt 00:26:43]} Qe8 {[%clk 00:30:09]} {[%emt 00:06:54]}
20. Qxe8+ {[%clk 00:46:47]} {[%emt 00:06:03]} Raxe8 {[%clk 00:30:32]} {[%emt
00:00:06]} 21. Nc4 {[%clk 00:47:12]} {[%emt 00:00:04]} Rc8 {[%clk 00:25:52]}
{[%emt 00:05:10]} 22. Nd6 {[%clk 00:44:06]} {[%emt 00:03:36]} Rxc3 {[%clk
00:26:06]} {[%emt 00:00:16]} 23. bxc3 {[%clk 00:44:34]} {[%emt 00:00:02]} Bd5
{[%clk 00:25:50]} {[%emt 00:00:47]} 24. Nf5 {[%clk 00:38:32]} {[%emt 00:06:33]}
Re8 {[%clk 00:25:53]} {[%emt 00:00:27]} 25. Ne3 {[%clk 00:38:46]} {[%emt
00:00:15]} Bf7 {[%clk 00:24:35]} {[%emt 00:01:48]} 26. c4 {[%clk 00:38:56]}
{[%emt 00:00:20]} Rc8 {[%clk 00:24:28]} {[%emt 00:00:37]} 27. Rc1 {[%clk
00:38:22]} {[%emt 00:01:05]} b5 {[%clk 00:22:50]} {[%emt 00:02:08]} 28. c5
{[%clk 00:38:24]} {[%emt 00:00:27]} Nb6 {[%clk 00:22:46]} {[%emt 00:00:34]} 29.
Be1 {[%clk 00:38:00]} {[%emt 00:00:54]} Nd5 {[%clk 00:19:40]} {[%emt 00:03:37]}
30. Nxd5 {[%clk 00:35:31]} {[%emt 00:02:59]} Bxd5 {[%clk 00:20:08]} {[%emt
00:00:02]} 31. Kf2 {[%clk 00:35:53]} {[%emt 00:00:08]} Kf7 {[%clk 00:17:50]}
{[%emt 00:02:48]} 32. Ke3 {[%clk 00:35:56]} {[%emt 00:00:27]} f5 {[%clk
00:16:38]} {[%emt 00:01:42]} 33. a3 {[%clk 00:35:54]} {[%emt 00:00:32]} h6
{[%clk 00:15:47]} {[%emt 00:01:20]} 34. Ba5 {[%clk 00:36:13]} {[%emt 00:00:11]}
g5 {[%clk 00:15:11]} {[%emt 00:01:06]} 35. g4 {[%clk 00:35:56]} {[%emt
00:00:47]} fxg4 {[%clk 00:14:12]} {[%emt 00:01:29]} 36. fxg5 {[%clk 00:36:16]}
{[%emt 00:00:10]} hxg5 {[%clk 00:13:53]} {[%emt 00:00:50]} 37. Rg1 {[%clk
00:36:25]} {[%emt 00:00:20]} Rh8 {[%clk 00:12:53]} {[%emt 00:01:30]} 38. Bc7
{[%clk 00:36:48]} {[%emt 00:00:07]} Rh3+ {[%clk 00:10:37]} {[%emt 00:02:46]} 39.
Bg3 {[%clk 00:37:14]} {[%emt 00:00:04]} Ke6 {[%clk 00:09:41]} {[%emt 00:01:27]}
40. Rf1 {[%clk 00:37:02]} {[%emt 00:00:41]} Rh7 {[%clk 00:08:17]} {[%emt
00:01:54]} 41. Rf8 {[%clk 00:36:32]} {[%emt 00:01:00]} Rf7 {[%clk 00:08:18]}
{[%emt 00:00:30]} 42. Re8+ {[%clk 00:36:40]} {[%emt 00:00:22]} Kd7 {[%clk
00:07:34]} {[%emt 00:01:14]} 43. Re5 {[%clk 00:35:20]} {[%emt 00:01:50]} Rf3+
{[%clk 00:07:37]} {[%emt 00:00:27]} 44. Kd2 {[%clk 00:34:31]} {[%emt 00:01:18]}
Rd3+ {[%clk 00:06:39]} {[%emt 00:01:28]} 45. Ke1 {[%clk 00:34:59]} {[%emt
00:00:02]} Rxd4 {[%clk 00:06:30]} {[%emt 00:00:40]} 46. Rxg5 {[%clk 00:35:26]}
{[%emt 00:00:03]} a5 {[%clk 00:04:16]} {[%emt 00:02:44]} 47. Rg6 {[%clk
00:35:43]} {[%emt 00:00:13]} b4 {[%clk 00:03:32]} {[%emt 00:01:14]} 48. Rd6+
{[%clk 00:36:06]} {[%emt 00:00:05]} Ke7 {[%clk 00:01:40]} {[%emt 00:02:23]} 49.
axb4 {[%clk 00:36:27]} {[%emt 00:00:09]} axb4 {[%clk 00:02:06]} {[%emt
00:00:04]} 50. Bh4+ {[%clk 00:35:41]} {[%emt 00:01:16]} Kf7 {[%clk 00:02:17]}
{[%emt 00:00:20]} 51. Rf6+ {[%clk 00:31:26]} {[%emt 00:04:45]} Ke8 {[%clk
00:02:23]} {[%emt 00:00:24]} 52. Rb6 {[%clk 00:31:25]} {[%emt 00:00:31]} Rc4
{[%clk 00:01:56]} {[%emt 00:00:58]} 53. Bf2 {[%clk 00:31:28]} {[%emt 00:00:26]}
b3 {[%clk 00:01:58]} {[%emt 00:00:28]} 54. Rxb3 {[%clk 00:29:47]} {[%emt
00:02:11]} Rc1+ {[%clk 00:02:07]} {[%emt 00:00:21]} 55. Kd2 {[%clk 00:30:13]}
{[%emt 00:00:03]} Bxb3 {[%clk 00:02:01]} {[%emt 00:00:36]} 56. Kxc1 {[%clk
00:30:41]} {[%emt 00:00:03]} Kd7 {[%clk 00:02:21]} {[%emt 00:00:10]} 57. Kd2
{[%clk 00:31:06]} {[%emt 00:00:05]} Kc6 {[%clk 00:02:41]} {[%emt 00:00:10]} 58.
Ke3 {[%emt 00:00:08]} Kd5 {[%emt 00:00:10]} 59. Kd4+ 1/2-1/2

[Event "Lliga Catalana DH 2023"]
[Site "Barcelona"]
[Date "2023.01.28"]
[Round "2.7"]
[White "Arias Boo, Guillermo"]
[Black "Alonso Moyano, Jonathan"]
[Result "0-1"]
[TimeControl "90'+30\""]
[WhiteTitle "FM"]
[BlackTitle "IM"]
[WhiteFideId "2209870"]
[BlackFideId "2216019"]
[WhiteElo "2216"]
[BlackElo "2339"]

1. c4 {[%emt 00:00:15]} e5 {[%clk 01:29:30]} {[%emt 00:01:19]} 2. g3 {[%clk
01:30:58]} {[%emt 00:00:28]} Nc6 {[%clk 01:29:05]} {[%emt 00:01:10]} 3. Bg2
{[%clk 01:31:10]} {[%emt 00:00:03]} f5 {[%clk 01:28:45]} {[%emt 00:00:49]} 4.
Nc3 {[%clk 01:30:22]} {[%emt 00:01:19]} Nf6 {[%clk 01:29:04]} {[%emt 00:00:11]}
5. e3 {[%clk 01:30:15]} {[%emt 00:00:37]} Be7 {[%clk 01:28:21]} {[%emt
00:01:12]} 6. Nge2 {[%clk 01:29:42]} {[%emt 00:01:03]} O-O {[%clk 01:28:35]}
{[%emt 00:00:16]} 7. d4 {[%clk 01:27:55]} {[%emt 00:02:18]} d6 {[%clk
01:28:29]} {[%emt 00:00:35]} 8. O-O {[%clk 01:28:18]} {[%emt 00:00:07]} Qe8
{[%clk 01:28:36]} {[%emt 00:00:23]} 9. Nd5 {[%clk 01:27:06]} {[%emt 00:01:43]}
Bd8 {[%clk 01:28:58]} {[%emt 00:00:08]} 10. b3 {[%clk 01:20:54]} {[%emt
00:06:42]} g5 {[%clk 01:22:35]} {[%emt 00:06:53]} 11. Bb2 {[%clk 01:16:15]}
{[%emt 00:05:09]} Qg6 {[%clk 01:15:14]} {[%emt 00:07:51]} 12. dxe5 {[%clk
01:06:38]} {[%emt 00:10:07]} dxe5 {[%clk 01:14:09]} {[%emt 00:01:34]} 13. f4
{[%clk 01:06:21]} {[%emt 00:00:48]} Re8 {[%clk 01:07:34]} {[%emt 00:07:04]} 14.
Qc2 {[%clk 00:45:04]} {[%emt 00:21:47]} h6 {[%clk 00:51:40]} {[%emt 00:16:24]}
15. Rad1 {[%clk 00:38:55]} {[%emt 00:06:39]} gxf4 {[%clk 00:40:43]} {[%emt
00:11:28]} 16. exf4 {[%clk 00:33:18]} {[%emt 00:06:07]} e4 {[%clk 00:35:52]}
{[%emt 00:05:20]} 17. Bxf6 {[%clk 00:31:06]} {[%emt 00:02:42]} Bxf6 {[%clk
00:36:17]} {[%emt 00:00:05]} 18. Nxc7 {[%clk 00:31:27]} {[%emt 00:00:09]} Be6
{[%clk 00:36:27]} {[%emt 00:00:20]} 19. Nxa8 {[%clk 00:31:31]} {[%emt
00:00:26]} Rxa8 {[%clk 00:36:52]} {[%emt 00:00:05]} 20. a3 {[%clk 00:26:10]}
{[%emt 00:05:51]} a5 {[%clk 00:36:59]} {[%emt 00:00:22]} 21. Qc1 {[%clk
00:23:49]} {[%emt 00:02:52]} h5 {[%clk 00:31:55]} {[%emt 00:05:34]} 22. Kh1
{[%clk 00:23:26]} {[%emt 00:00:53]} Kf7 {[%clk 00:27:46]} {[%emt 00:04:39]} 23.
Qe3 {[%clk 00:23:27]} {[%emt 00:00:29]} Rh8 {[%clk 00:27:11]} {[%emt 00:01:05]}
24. Qb6 {[%clk 00:18:46]} {[%emt 00:05:11]} a4 {[%clk 00:22:08]} {[%emt
00:05:34]} 25. Qxb7+ {[%clk 00:18:03]} {[%emt 00:01:12]} Ne7 {[%clk 00:22:36]}
{[%emt 00:00:01]} 26. Rd6 {[%clk 00:16:08]} {[%emt 00:02:25]} h4 {[%clk
00:21:16]} {[%emt 00:01:51]} 27. h3 {[%clk 00:11:06]} {[%emt 00:05:33]} hxg3
{[%clk 00:20:14]} {[%emt 00:01:31]} 28. Rc1 {[%clk 00:09:43]} {[%emt 00:01:52]}
Rh4 {[%clk 00:14:48]} {[%emt 00:05:57]} 29. Qb6 {[%clk 00:06:43]} {[%emt
00:03:31]} Nc8 {[%clk 00:13:38]} {[%emt 00:01:39]} 30. Qc7+ {[%clk 00:06:53]}
{[%emt 00:00:19]} Ne7 {[%clk 00:12:08]} {[%emt 00:02:00]} 31. Rb6 {[%clk
00:07:12]} {[%emt 00:00:11]} Qh6 {[%clk 00:09:43]} {[%emt 00:02:56]} 32. Qd6
{[%clk 00:03:28]} {[%emt 00:04:14]} Rxh3+ {[%clk 00:10:05]} {[%emt 00:00:08]}
33. Kg1 {[%clk 00:03:41]} {[%emt 00:00:17]} Rh1+ {[%clk 00:10:30]} {[%emt
00:00:05]} 0-1

[Event "Lliga Catalana DH 2023"]
[Site "Barcelona"]
[Date "2023.01.28"]
[Round "2.8"]
[White "Perez Manas, Benjamin"]
[Black "Chalmeta Ugas, Jordi"]
[Result "1-0"]
[TimeControl "90'+30\""]
[WhiteTitle "FM"]
[WhiteFideId "22200169"]
[BlackFideId "2252724"]
[WhiteElo "2192"]
[BlackElo "2158"]

1. e4 {[%clk 01:30:56]} {[%emt 00:00:03]} e6 {[%clk 01:30:56]} {[%emt
00:00:05]} 2. d4 {[%clk 01:31:20]} {[%emt 00:00:05]} d5 {[%clk 01:31:22]}
{[%emt 00:00:04]} 3. Nd2 {[%clk 01:31:35]} {[%emt 00:00:15]} c5 {[%clk
01:31:44]} {[%emt 00:00:07]} 4. Ngf3 {[%clk 01:31:50]} {[%emt 00:00:15]} cxd4
{[%clk 01:32:06]} {[%emt 00:00:08]} 5. exd5 {[%clk 01:32:12]} {[%emt 00:00:08]}
Qxd5 {[%clk 01:32:30]} {[%emt 00:00:06]} 6. Bc4 {[%clk 01:32:34]} {[%emt
00:00:08]} Qd7 {[%clk 01:32:50]} {[%emt 00:00:10]} 7. O-O {[%clk 01:32:56]}
{[%emt 00:00:08]} Nc6 {[%clk 01:33:07]} {[%emt 00:00:14]} 8. Nb3 {[%clk
01:33:09]} {[%emt 00:00:17]} a6 {[%clk 01:33:23]} {[%emt 00:00:15]} 9. Nbxd4
{[%clk 01:33:27]} {[%emt 00:00:12]} Nxd4 {[%clk 01:31:11]} {[%emt 00:02:42]} 10.
Nxd4 {[%clk 01:33:19]} {[%emt 00:00:37]} Qc7 {[%clk 01:31:31]} {[%emt
00:00:10]} 11. Bb3 {[%clk 01:32:13]} {[%emt 00:01:36]} Bd6 {[%clk 01:31:17]}
{[%emt 00:00:44]} 12. h3 {[%clk 01:31:29]} {[%emt 00:01:14]} Ne7 {[%clk
01:31:34]} {[%emt 00:00:13]} 13. c3 {[%clk 01:24:54]} {[%emt 00:07:05]} O-O
{[%clk 01:28:57]} {[%emt 00:03:07]} 14. Re1 {[%clk 01:16:05]} {[%emt 00:09:19]}
e5 {[%clk 01:16:33]} {[%emt 00:12:54]} 15. Nf3 {[%clk 01:15:22]} {[%emt
00:01:13]} Ng6 {[%clk 01:09:54]} {[%emt 00:07:09]} 16. Ng5 {[%clk 01:10:58]}
{[%emt 00:04:54]} h6 {[%clk 00:50:25]} {[%emt 00:19:58]} 17. Qd3 {[%clk
01:10:19]} {[%emt 00:01:08]} Kh8 {[%clk 00:42:49]} {[%emt 00:08:06]} 18. Nxf7+
{[%clk 01:10:09]} {[%emt 00:00:40]} Rxf7 {[%clk 00:42:54]} {[%emt 00:00:24]} 19.
Bxf7 {[%clk 01:09:45]} {[%emt 00:00:54]} Qxf7 {[%clk 00:42:51]} {[%emt
00:00:32]} 20. Qxd6 {[%clk 01:10:06]} {[%emt 00:00:11]} Be6 {[%clk 00:42:44]}
{[%emt 00:00:37]} 21. Re3 {[%clk 00:57:17]} {[%emt 00:13:19]} Nh4 {[%clk
00:35:49]} {[%emt 00:07:26]} 22. Qxe5 {[%clk 00:50:41]} {[%emt 00:07:06]} Rf8
{[%clk 00:35:43]} {[%emt 00:00:36]} 23. Qg3 {[%clk 00:28:42]} {[%emt 00:22:29]}
Nf5 {[%clk 00:34:55]} {[%emt 00:01:18]} 24. Qf4 {[%clk 00:29:05]} {[%emt
00:00:06]} Nxe3 {[%clk 00:34:20]} {[%emt 00:01:05]} 25. Qxf7 {[%clk 00:29:28]}
{[%emt 00:00:07]} Rxf7 {[%clk 00:34:31]} {[%emt 00:00:19]} 26. Bxe3 {[%clk
00:29:52]} {[%emt 00:00:05]} Rd7 {[%clk 00:34:41]} {[%emt 00:00:21]} 27. Bd4
{[%clk 00:27:01]} {[%emt 00:03:20]} Kg8 {[%clk 00:35:04]} {[%emt 00:00:07]} 28.
b3 {[%clk 00:27:01]} {[%emt 00:00:30]} Kf7 {[%clk 00:34:48]} {[%emt 00:00:46]}
29. Re1 {[%clk 00:26:18]} {[%emt 00:01:14]} Bd5 {[%clk 00:35:06]} {[%emt
00:00:12]} 30. f3 {[%clk 00:25:35]} {[%emt 00:01:12]} Bc6 {[%clk 00:33:14]}
{[%emt 00:02:22]} 31. Kf2 {[%clk 00:25:54]} {[%emt 00:00:11]} Rd5 {[%clk
00:30:48]} {[%emt 00:02:57]} 32. g4 {[%clk 00:25:30]} {[%emt 00:00:54]} Ra5
{[%clk 00:30:28]} {[%emt 00:00:50]} 33. Re2 {[%clk 00:25:25]} {[%emt 00:00:35]}
Bb5 {[%clk 00:29:54]} {[%emt 00:01:04]} 34. c4 {[%clk 00:25:07]} {[%emt
00:00:48]} Bc6 {[%clk 00:30:02]} {[%emt 00:00:23]} 35. f4 {[%clk 00:25:26]}
{[%emt 00:00:11]} h5 {[%clk 00:29:23]} {[%emt 00:01:09]} 36. Bb6 {[%clk
00:25:47]} {[%emt 00:00:10]} Ra3 {[%clk 00:29:45]} {[%emt 00:00:08]} 37. Bc5
{[%clk 00:26:11]} {[%emt 00:00:06]} Ra5 {[%clk 00:30:07]} {[%emt 00:00:07]} 38.
Bb4 {[%clk 00:26:34]} {[%emt 00:00:07]} 1-0

[Event "Lliga Catalana DH 2023"]
[Site "Barcelona"]
[Date "2023.01.28"]
[Round "2.9"]
[White "Moya Nunes, Pau Salvador"]
[Black "Obon Temprano, Sergi"]
[Result "0-1"]
[TimeControl "90'+30\""]
[BlackTitle "FM"]
[WhiteFideId "24519790"]
[BlackFideId "2226545"]
[WhiteElo "2153"]
[BlackElo "2193"]

1. e4 {[%emt 00:01:24]} e5 {[%emt 00:00:07]} 2. Nf3 {[%emt 00:02:21]} Nc6
{[%emt 00:00:08]} 3. d4 {[%emt 00:00:47]} exd4 {[%emt 00:00:08]} 4. Nxd4 {[%emt
00:00:04]} Bc5 {[%emt 00:00:10]} 5. Be3 {[%emt 00:00:06]} Qf6 {[%emt 00:00:14]}
6. c3 {[%emt 00:00:05]} Nge7 {[%emt 00:00:16]} 7. Bc4 {[%emt 00:00:09]} Ne5
{[%emt 00:05:55]} 8. Be2 {[%emt 00:01:41]} d5 {[%emt 00:03:26]} 9. f4 {[%emt
00:08:17]} Qh4+ {[%emt 00:14:11]} 10. g3 {[%emt 00:02:12]} Qh6 {[%emt
00:00:09]} 11. Qd2 {[%emt 00:13:56]} Ng4 {[%emt 00:02:31]} 12. Bxg4 {[%emt
00:00:25]} Bxg4 {[%emt 00:00:10]} 13. e5 {[%emt 00:00:12]} O-O-O {[%emt
00:08:15]} 14. b4 {[%emt 00:15:07]} Bxd4 {[%emt 00:12:43]} 15. Bxd4 {[%emt
00:00:38]} Qa6 {[%emt 00:01:15]} 16. Kf2 {[%emt 00:02:34]} h5 {[%emt 00:05:41]}
17. h4 {[%emt 00:01:48]} f6 {[%emt 00:05:49]} 18. exf6 {[%emt 00:02:39]} gxf6
{[%emt 00:00:49]} 19. a4 {[%emt 00:00:41]} Nf5 {[%emt 00:03:19]} 20. b5 {[%emt
00:06:49]} Qd6 {[%emt 00:00:54]} 21. Na3 {[%emt 00:07:00]} Rde8 {[%emt
00:03:29]} 22. Rhe1 {[%emt 00:01:18]} Rxe1 {[%emt 00:01:03]} 23. Qxe1 {[%emt
00:00:09]} Nxh4 {[%emt 00:03:43]} 24. Nc2 {[%emt 00:08:25]} Nf5 {[%emt
00:07:45]} 25. Ne3 {[%emt 00:01:34]} Nxe3 {[%emt 00:03:58]} 26. Qxe3 {[%emt
00:00:21]} Bd7 {[%emt 00:00:43]} 27. Bc5 {[%emt 00:05:00]} Qe6 {[%emt
00:04:18]} 28. Qxe6 {[%emt 00:00:06]} Bxe6 {[%emt 00:00:05]} 29. Re1 {[%emt
00:00:44]} Kd7 {[%emt 00:01:27]} 30. Bxa7 {[%emt 00:05:16]} b6 {[%emt
00:01:37]} 31. a5 {[%emt 00:00:33]} bxa5 {[%emt 00:00:08]} 32. Ra1 {[%emt
00:01:12]} h4 {[%emt 00:00:48]} 33. gxh4 {[%emt 00:00:53]} Rxh4 {[%emt
00:00:08]} 34. Be3 {[%emt 00:00:33]} Rh2+ {[%emt 00:01:29]} 35. Kf3 {[%emt
00:00:36]} Rh3+ {[%emt 00:01:15]} 36. Kf2 {[%emt 00:00:16]} Bg4 {[%emt
00:01:08]} 37. Bd4 {[%emt 00:02:13]} Rf3+ {[%emt 00:00:50]} 38. Kg2 {[%emt
00:00:05]} Rxf4 {[%emt 00:00:21]} 39. Kg3 {[%emt 00:00:52]} Re4 {[%emt
00:00:24]} 40. Bxf6 {[%emt 00:00:16]} a4 {[%emt 00:00:25]} 41. Bd4 {[%emt
00:00:07]} Be2 {[%emt 00:00:13]} 42. Rxa4 {[%emt 00:02:14]} Bxb5 {[%emt
00:00:07]} 43. Ra5 {[%emt 00:00:15]} c6 {[%emt 00:00:52]} 44. Kf3 {[%emt
00:00:41]} Kd6 {[%emt 00:00:40]} 45. Ra8 {[%emt 00:01:17]} Re1 {[%emt
00:01:56]} 46. Rd8+ {[%emt 00:00:28]} Kc7 {[%emt 00:00:55]} 47. Rh8 {[%emt
00:00:45]} Re6 {[%emt 00:01:51]} 48. Rh7+ {[%emt 00:00:53]} Kd6 {[%emt
00:00:31]} 49. Rb7 {[%emt 00:00:18]} Re4 {[%emt 00:00:31]} 50. Rf7 {[%emt
00:01:02]} c5 {[%emt 00:01:12]} 51. Rf6+ {[%emt 00:01:15]} Ke7 {[%emt
00:00:14]} 52. Rf5 {[%emt 00:02:44]} Be2+ {[%emt 00:01:39]} 53. Kf2 {[%emt
00:00:38]} cxd4 {[%emt 00:00:29]} 54. Rxd5 {[%emt 00:02:23]} dxc3 {[%emt
00:00:27]} 0-1

[Event "Lliga Catalana DH 2023"]
[Site "Barcelona"]
[Date "2023.01.28"]
[Round "2.10"]
[White "Martinez Ramirez, Erik"]
[Black "Llaneza Vega, Patricia"]
[Result "1-0"]
[TimeControl "90'+30\""]
[WhiteTitle "FM"]
[BlackTitle "WIM"]
[WhiteFideId "22202366"]
[BlackFideId "2212676"]
[WhiteElo "2186"]
[BlackElo "2130"]

1. e4 {[%clk 01:30:56]} {[%emt 00:00:03]} c5 {[%clk 01:30:42]} {[%emt
00:00:18]} 2. Nf3 {[%clk 01:31:17]} {[%emt 00:00:09]} d6 {[%clk 01:31:06]}
{[%emt 00:00:06]} 3. d4 {[%clk 01:31:33]} {[%emt 00:00:15]} cxd4 {[%clk
01:31:30]} {[%emt 00:00:06]} 4. Nxd4 {[%clk 01:31:57]} {[%emt 00:00:06]} Nf6
{[%clk 01:31:56]} {[%emt 00:00:04]} 5. Nc3 {[%clk 01:32:19]} {[%emt 00:00:07]}
Nc6 {[%clk 01:32:19]} {[%emt 00:00:07]} 6. Bg5 {[%clk 01:32:14]} {[%emt
00:00:35]} e6 {[%clk 01:32:32]} {[%emt 00:00:17]} 7. Qd3 {[%clk 01:31:37]}
{[%emt 00:01:07]} Be7 {[%clk 01:29:24]} {[%emt 00:03:38]} 8. O-O-O {[%clk
01:31:03]} {[%emt 00:01:03]} O-O {[%clk 01:28:57]} {[%emt 00:00:57]} 9. h4
{[%clk 01:29:19]} {[%emt 00:02:14]} Bd7 {[%clk 01:06:36]} {[%emt 00:22:51]} 10.
f4 {[%clk 01:25:28]} {[%emt 00:04:21]} Nxd4 {[%clk 00:56:27]} {[%emt 00:10:40]}
11. Qxd4 {[%clk 01:25:36]} {[%emt 00:00:22]} Bc6 {[%clk 00:56:19]} {[%emt
00:00:38]} 12. Kb1 {[%clk 01:18:05]} {[%emt 00:08:01]} Re8 {[%clk 00:50:47]}
{[%emt 00:06:02]} 13. Be2 {[%clk 01:15:33]} {[%emt 00:03:03]} Qb6 {[%clk
00:43:30]} {[%emt 00:07:46]} 14. Bxf6 {[%clk 01:10:51]} {[%emt 00:05:13]} Bxf6
{[%clk 00:43:07]} {[%emt 00:00:54]} 15. Qxb6 {[%clk 01:10:49]} {[%emt
00:00:31]} axb6 {[%clk 00:43:34]} {[%emt 00:00:03]} 16. Nb5 {[%clk 01:06:51]}
{[%emt 00:04:29]} Bxb5 {[%clk 00:39:21]} {[%emt 00:04:42]} 17. Bxb5 {[%clk
01:07:18]} {[%emt 00:00:03]} Red8 {[%clk 00:39:45]} {[%emt 00:00:07]} 18. c4
{[%clk 01:05:43]} {[%emt 00:02:05]} h5 {[%clk 00:37:01]} {[%emt 00:03:14]} 19.
Rd3 {[%clk 01:05:01]} {[%emt 00:01:12]} Kf8 {[%clk 00:34:48]} {[%emt 00:02:43]}
20. Rhd1 {[%clk 01:04:45]} {[%emt 00:00:47]} g6 {[%clk 00:29:40]} {[%emt
00:05:37]} 21. g3 {[%clk 01:01:30]} {[%emt 00:03:45]} Be7 {[%clk 00:29:41]}
{[%emt 00:00:28]} 22. Rf1 {[%clk 01:00:05]} {[%emt 00:01:56]} f5 {[%clk
00:21:26]} {[%emt 00:08:45]} 23. Re1 {[%clk 00:57:58]} {[%emt 00:02:37]} Kf7
{[%clk 00:19:07]} {[%emt 00:02:49]} 24. exf5 {[%clk 00:52:54]} {[%emt
00:05:34]} exf5 {[%clk 00:19:32]} {[%emt 00:00:05]} 25. c5 {[%clk 00:52:01]}
{[%emt 00:01:23]} dxc5 {[%clk 00:18:00]} {[%emt 00:02:01]} 26. Bc4+ {[%clk
00:52:16]} {[%emt 00:00:15]} Kf8 {[%clk 00:17:39]} {[%emt 00:00:51]} 27. Rde3
{[%clk 00:49:29]} {[%emt 00:03:17]} Bf6 {[%clk 00:17:39]} {[%emt 00:00:29]} 28.
Re6 {[%clk 00:49:41]} {[%emt 00:00:18]} Kg7 {[%clk 00:18:01]} {[%emt 00:00:08]}
29. Rxb6 {[%clk 00:47:58]} {[%emt 00:02:14]} Rd7 {[%clk 00:17:00]} {[%emt
00:01:31]} 30. Ree6 {[%clk 00:47:45]} {[%emt 00:00:42]} Rf8 {[%clk 00:17:21]}
{[%emt 00:00:09]} 31. Kc2 {[%clk 00:45:18]} {[%emt 00:02:57]} Re7 {[%clk
00:14:41]} {[%emt 00:03:10]} 32. Red6 {[%clk 00:41:17]} {[%emt 00:04:31]} Rc7
{[%clk 00:13:03]} {[%emt 00:02:08]} 33. a4 {[%clk 00:41:13]} {[%emt 00:00:33]}
Re7 {[%clk 00:12:54]} {[%emt 00:00:40]} 34. b3 {[%clk 00:40:19]} {[%emt
00:01:23]} Rc7 {[%clk 00:12:50]} {[%emt 00:00:34]} 35. Re6 {[%clk 00:40:22]}
{[%emt 00:00:28]} Rd7 {[%clk 00:12:49]} {[%emt 00:00:30]} 36. Bb5 {[%clk
00:40:12]} {[%emt 00:00:40]} Rc7 {[%clk 00:12:51]} {[%emt 00:00:28]} 37. Bd3
{[%clk 00:36:40]} {[%emt 00:04:01]} Rd7 {[%clk 00:12:58]} {[%emt 00:00:25]} 38.
Bc4 {[%clk 00:37:03]} {[%emt 00:00:06]} Rc7 {[%clk 00:10:10]} {[%emt 00:03:18]}
39. Bd5 {[%clk 00:37:25]} {[%emt 00:00:08]} Rff7 {[%clk 00:10:32]} {[%emt
00:00:08]} 40. Red6 {[%clk 00:32:33]} {[%emt 00:05:23]} Rf8 {[%clk 00:10:55]}
{[%emt 00:00:07]} 41. Bxb7 {[%clk 00:32:06]} {[%emt 00:00:57]} c4 {[%clk
00:10:51]} {[%emt 00:00:35]} 42. Bd5 {[%clk 00:25:58]} {[%emt 00:06:38]} cxb3+
{[%clk 00:11:11]} {[%emt 00:00:10]} 43. Kxb3 {[%clk 00:26:19]} {[%emt
00:00:08]} Rc3+ {[%clk 00:10:20]} {[%emt 00:01:20]} 44. Kb4 {[%clk 00:26:39]}
{[%emt 00:00:10]} Rxg3 {[%clk 00:09:11]} {[%emt 00:01:40]} 45. Rd7+ {[%clk
00:26:33]} {[%emt 00:00:36]} Kh6 {[%clk 00:06:54]} {[%emt 00:02:47]} 46. Rbb7
{[%clk 00:26:47]} {[%emt 00:00:16]} Rh8 {[%clk 00:07:19]} {[%emt 00:00:05]} 47.
Bg8 {[%clk 00:26:54]} {[%emt 00:00:23]} 1-0